Capitali che terminano con la O - Statistics

Statistiche generali
  • Questo quiz è stato fatto 168 volte
  • Il punteggio medio è 20 su 26
Statistiche sulle risposte
Popolazione (ab.) Continente Capitale % Corretto
673 469 Europa Oslo
93%
3 769 495 Europa Berlino
92%
4 054 Europa Città di San Marino
92%
825 Europa Città del Vaticano
90%
24 516 000 Asia Pechino
90%
13 951 636 Asia Tokyo
88%
554 554 Europa Dublino
86%
1 233 796 Europa Belgrado
85%
124 528 Europa Lussemburgo
85%
9 209 9444 America del Nord Città del Messico
84%
14 500 000 Africa Il Cairo
83%
1 338 408 America del Sud Montevideo
79%
1 978 376 America del Sud Quito
77%
38 300 Europa Monaco
76%
305 342 Europa Sarajevo
76%
3 776 000 Africa Città del Capo
73%
1 613 375 Africa Antananarivo
72%
2 446 700 Africa Bamako
69%
2 282 000 Africa Mogadiscio
69%
240 924 America del Sud Paramaribo
69%
1 766 823 Africa Maputo
68%
267 191 Africa Porto-Novo
63%
965 040 America del Nord Santo Domingo
59%
2 079 000 Asia Damasco
58%
27 797 Oceania Majuro
57%
300 000 Africa Malabo
54%
Nessun quiz corrispondente trovato
Distribuzione punteggi
Percentuale di utenti per punteggio
Percentile per numero di risposta
I tuoi punteggi nel tempo
Non hai fatto questo quiz